000 00985nam a22003257a 4500
001 BR2010002433
003 BR-BrBNA
005 20230928103311.0
007 ta
008 230509b bl.||||| |||| 00| 0 por d
040 _aBR-BrBNA
_bpor
_cBiblioteca Nacional de Agricultura
041 _a(Por)
072 _aL10; L53
_b5213
090 _ 5213 BR2010002433
100 1 _aPineda, N.(org.)
110 1 _aAssociação Brasileira dos Criadores de Zebu, Uberaba, MG (Brasil)
111 1 _a6. Congresso Brasileiro das Raças Zebuínas
_cUberaba, MG (Brazil)
_d6-9 Nov 2005
245 1 _aAnais do 6. Congresso Brasileiro das Raças Zebuínas
260 3 _aUberaba, MG (Brasil):
_c2005.
300 _a337 p.
500 _aSeveral bibliography
650 _aGADO ZEBU
650 _aRAÇA
650 _aMELHORAMENTO GENÉTICO ANIMAL
650 _aFECUNDAÇÃO ANIMAL
650 _aPASTAGEM
650 _aINCUBAÇÃO
909 _a202309
_bLucia
_c55
_dLucia Elande
942 _cBK
999 _c74501
_d74501